AH International Schools' Libraries

Saving money (KHMER) / (Record no. 48836)

MARC details
000 -LEADER
fixed length control field 00332nam a2200121 4500
020 ## - INTERNATIONAL STANDARD BOOK NUMBER
International Standard Book Number 9789924350545
100 ## - MAIN ENTRY--PERSONAL NAME
Personal name Yan, Sreylin
9 (RLIN) 86231
245 ## - TITLE STATEMENT
Title Saving money (KHMER) /
Statement of responsibility, etc Yan Sreylin
260 ## - PUBLICATION, DISTRIBUTION, ETC. (IMPRINT)
Place of publication, distribution, etc Cambodia
Name of publisher, distributor, etc S.J. Metta Karuna
Date of publication, distribution, etc 2024
300 ## - PHYSICAL DESCRIPTION
Extent 20 p.
Other physical details col. ill.
Dimensions 22 cm.
650 ## - SUBJECT ADDED ENTRY--TOPICAL TERM
Topical term or geographic name as entry element Khmer Fiction Book
9 (RLIN) 80281
942 ## - ADDED ENTRY ELEMENTS (KOHA)
Source of classification or shelving scheme
Koha item type Book
Holdings
Withdrawn status Lost status Source of classification or shelving scheme Damaged status Not for loan Collection code Home library Current library Date acquired Total Checkouts Full call number Barcode Date last seen Date checked out Price effective from Koha item type Shelving location Checked out
          Siem Riep Asian Hope Early Years Library Asian Hope Early Years Library 05/22/2025 11 KHMER E YAN 208512 04/21/2026 04/21/2026 05/22/2025 Book Easy Reading 04/21/2026
          Siem Riep Asian Hope Early Years Library Asian Hope Early Years Library 03/16/2026   KHMER E YAN 209882 03/16/2026   03/16/2026 Book Easy Reading  
          Siem Riep Asian Hope Primary Library Asian Hope Primary Library 04/21/2025 9 KHMER E YAN 207859 03/13/2026 03/04/2026 04/21/2025 Book    
          Siem Riep Asian Hope Primary Library Asian Hope Primary Library 05/01/2025 16 KHMER E YAN 207846 04/02/2026 03/26/2026 05/01/2025 Book    
          Siem Riep Asian Hope Early Years Library Asian Hope Primary Library 05/22/2025 2 KHMER E YAN 208508 01/19/2026 01/19/2026 05/22/2025 Book Easy Reading 01/19/2026

For any Logos Library related questions please contact Miss Art at swongnarasuk@asianhope.org.

For any Asian Hope Library related questions please contact Miss Raza at graza@asianhope.org.

Powered by Koha